La ley seca (Record no. 115478)

MARC details
000 -LEADER
campo de control de longitud fija 00977nam a2200253 i 4500
001 - NÚMERO DE CONTROL
campo de control 115478
003 - IDENTIFICADOR DE NÚMERO DE CONTROL
campo de control ES-MaACL
005 - FECHA Y HORA DE LA ÚLTIMA TRANSACCIÓN
campo de control 20250825062602.0
007 - CAMPO FIJO DE DESCRIPCIÓN FÍSICA--INFORMACIÓN GENERAL
campo de control de longitud fija t|
008 - DATOS DE LONGITUD FIJA--INFORMACIÓN GENERAL
campo de control de longitud fija 070309s1931 sp ||||1| spa d
080 ## - NÚMERO DE LA CLASIFICACIÓN DECIMAL UNIVERSAL
Número de la Clasificación Decimal Universal 821.134.2-293.2"19"
100 1# - ENTRADA PRINCIPAL--NOMBRE DE PERSONA
Nombre de persona Fernández de Sevilla, Luis.
9 (RLIN) 49713
245 13 - MENCIÓN DEL TÍTULO
Título La ley seca
Resto del título : fantasía en dos actos, cinco cuadros, un comunicado, prólogo, epílogo y apoteosis, en prosa y verso /
Mención de responsabilidad, etc. Luis Fdez. de Sevilla, Anselmo C. Carreño ; música de los maestros Cayo Vela y Bru.
260 ## - PUBLICACIÓN, DISTRIBUCIÓN, ETC.
Lugar de publicación, distribución, etc. Madrid :
Nombre del editor, distribuidor, etc. Prensa Moderna,
Fecha de publicación, distribución, etc. 1931.
300 ## - DESCRIPCIÓN FÍSICA
Extensión 60 p. ;
Dimensiones 17 cm.
490 1# - MENCIÓN DE SERIE
Mención de serie El Teatro moderno ;
Designación de volumen o secuencia 285
500 ## - NOTA GENERAL
Nota general Estrenada en el Teatro Chueca, de Madrid, la noche del 4 de junio de 1930.
700 1# - ENTRADA AGREGADA--NOMBRE PERSONAL
Nombre de persona Carreño, Anselmo C.
9 (RLIN) 35612
700 1# - ENTRADA AGREGADA--NOMBRE PERSONAL
Nombre de persona Vela Marqueta, Cayo.
9 (RLIN) 113689
700 1# - ENTRADA AGREGADA--NOMBRE PERSONAL
Nombre de persona Bru, Enrique.
9 (RLIN) 185873
830 03 - PUNTO DE ACCESO ADICIONAL DE SERIE-TÍTULO UNIFORME
Título uniforme El teatro moderno (Prensa Moderna)
Designación de volumen o secuencia 285
9 (RLIN) 182365
852 ## - LOCALIZACIÓN
Ubicación ES-MaACL
Número de control de estantería C-13128
Holdings
Estatus retirado Estado de pérdida Estado de daño No para préstamo Biblioteca de origen Biblioteca actual Ubicación en estantería Fecha de adquisición Fuente de adquisición Total de préstamos Signatura topográfica completa Código de barras Visto por última vez Precio de reemplazo Tipo de ítem Koha
        Biblioteca del Ateneo de Madrid Biblioteca del Ateneo de Madrid Sala Palomar 17/01/2008     C-13128 1120403 23/02/2023 23/02/2023 Libro impreso